All the Songs from 'Chicago' - Statistics

General Stats
  • This quiz has been taken 5 times
  • The average score is 10 of 18
Answer Stats
Songs % Correct
Mr. Cellophane
100%
Roxie
100%
We Both Reached For The Gun
100%
All That Jazz
80%
Cell Block Tango
80%
Nowadays
80%
Razzle Dazzle
80%
Funny Honey
60%
I Can't Do It Alone
60%
All I Care About
40%
Class
40%
Overture
40%
When You're Good To Mama
40%
A Little Bit of Good
20%
Me and My Baby
20%
My Own Best Friend
20%
When Velma Takes the Stand
20%
All That Jazz (Reprise)
0%
No matching quizzes found
Score Distribution
Percent of People with Each Score
Percentile by Number Answered
Your Score History
You have not taken this quiz